Los Minerales y el Hombre (Registro nro. 6110)

Detalles MARC
000 -LEADER
fixed length control field 01028 a2200205 4500
001 - CONTROL NUMBER
control field 57082
005 - DATE AND TIME OF LATEST TRANSACTION
control field 20260407155833.0
008 - FIXED-LENGTH DATA ELEMENTS--GENERAL INFORMATION
fixed length control field 260407a1966 arg spa d
003 - CONTROL NUMBER IDENTIFIER
control field AR-UNSa-BCEJYS
040 ## - CATALOGING SOURCE
Original cataloging agency AR-UNSa-BCEJYS
Language of cataloging spa
Transcribing agency AR-UNSa-BCEJYS
080 ## - UNIVERSAL DECIMAL CLASSIFICATION NUMBER
Universal Decimal Classification number 622
Common auxiliary subdivision Minería
041 ## - LANGUAGE CODE
Language code of text/sound track or separate title spa
100 1# - MAIN ENTRY--PERSONAL NAME
Personal name Mc Divitt, James F.
245 10 - TITLE STATEMENT
Title Los Minerales y el Hombre
Name of part/section of a work una exploración del reino de los minerales y su influencia en el mundo
264 #1 - PRODUCTION, PUBLICATION, DISTRIBUTION, MANUFACTURE, AND COPYRIGHT NOTICE
Place of production, publication, distribution, manufacture México :
Name of producer, publisher, distributor, manufacturer Limusa-Wiley
Date of production, publication, distribution, manufacture, or copyright notice 1966
300 ## - PHYSICAL DESCRIPTION
Extent 220 p.
Dimensions 18 cm.
505 ## - FORMATTED CONTENTS NOTE
Formatted contents note Primera Parte: EL PAPEL DE LOS MINERALES EN LA SOCIEDAD MODERNA: 1. Introducción al mudo de los minerales – 2. Lo que debemos saber acerca de la provisión de minerales - - Segunda Parte: ESTUDIOS SOBRE LOS PRODUCTOS MINERALES: 3. La industria siderúrgica – 4. Los metales base – 5. Los metales ligeros – 6. Minerales y rocas industriales - - Tercera Parte: RECAPITULACION: 7. ¿Cómo debemos razonar acerca de los minerales
590 ## - LOCAL NOTE (RLIN)
Local note niveau_biblio:m niveau_hierar:0
942 ## - ADDED ENTRY ELEMENTS (KOHA)
Koha item type
Existencias
Withdrawn status Lost status Damaged status Not for loan Home library Current library Shelving location Date acquired Total checkouts Full call number Barcode Date last seen Price effective from Koha item type
        Biblioteca Prof. Eusebio Cleto del Rey Biblioteca Prof. Eusebio Cleto del Rey   07/04/2026   622 M478 L21149 07/04/2026 07/04/2026 Libro